|
|
|
|
| LEADER |
00977naa a2200349 a 4500 |
| 001 |
000000011 |
| 003 |
SVKKK |
| 005 |
20070620140155.0 |
| 008 |
030616c1993 xo e sloo |
| FMT |
|
|
|
| 038 |
|
|
|a SVKKK
|
| 040 |
|
|
|a SVKKK
|b slo
|e AACR2
|
| 041 |
0 |
|
|a slo
|
| 044 |
|
|
|a xo
|c SK
|
| 080 |
|
|
|a 5
|2 1981
|
| 080 |
|
|
|a 551.8-05
|2 1981
|
| 080 |
|
|
|a 929 Seneš, Ján
|2 1981
|
| 100 |
1 |
|
|a Elečko, Michal
|4 aut
|
| 245 |
1 |
0 |
|a Doc. RNDr. Ján Seneš, DrSc. :
|b Tretieho februára 1924 - 28.mája 1992
|c Elečko Michal, Kováč Michal
|
| 300 |
|
|
|b Fotogr. 1
|
| 500 |
|
|
|a Správne podnázov (3. februára ...)
|
| 600 |
1 |
4 |
|a Seneš, Ján,
|d 1924-1992,
|x paleogeograf slovenský
|
| 700 |
1 |
|
|a Kováč, Michal
|4 aut
|
| 773 |
0 |
|
|t Geologické práce
|d Bratislava : Geologický ústav Dionýza Štúra, 1993
|z 0433-4795
|g S. 13-14
|
| 958 |
|
|
|a MS
|
| 958 |
|
|
|a NP
|
| 958 |
|
|
|a RE
|
| 974 |
|
|
|d 940223
|a 244
|
| 992 |
|
|
|a RZB
|
| BAS |
|
|
|
| 852 |
|
|
|a SVKKK
|b BIB
|
| 998 |
|
|
|a GEO
|